[Event "Internacional Femenino Linares 2013"]
[Site "Linares ESP"]
[Date "2013.09.08"]
[Round "1.1"]
[White "Martin Perez, Laura"]
[Black "Collado Barbas, Laura"]
[Result "0-1"]
[WhiteElo "2034"]
[BlackElo "2152"]
[PlyCount "118"]
[EventDate "2013.09.08"]
[EventType "tourn"]
[EventRounds "9"]
[EventCountry "ESP"]
[EventCategory "2"]
[Source "lmi"]
[SourceDate "2013.09.08"]

1. e4 e6 2. d4 d5 3. Nc3 Bb4 4. Qd3 dxe4 5. Qxe4 Nf6 6. Qh4 Nc6 7. Nf3 Ne7 8.
Bd3 Ned5 9. Bd2 Be7 10. a3 c6 11. O-O b6 12. Ne5 Bb7 13. Qg3 g6 14. Rfe1 Nh5
15. Qf3 O-O 16. Bh6 Ng7 17. Ne4 f5 18. Nd2 Bg5 19. Bxg5 Qxg5 20. Ndc4 Rad8 21.
Rad1 Ba8 22. Bf1 Nh5 23. Ne3 Ndf4 24. c4 c5 25. d5 Qf6 26. Nc6 Bxc6 27. dxc6 g5
28. c7 Rc8 29. Qc6 Ng6 30. Qd6 Ng7 31. Nc2 Qxb2 32. Rd2 Qf6 33. a4 Qe7 34. Qxe7
Nxe7 35. Rd7 Nc6 36. g3 Rf7 37. Red1 Rxc7 38. R7d6 Rfe7 39. Bg2 Ne5 40. Na3
Rcd7 41. Bf1 Rxd6 42. Rxd6 Ne8 43. Rd8 Kf7 44. Nb5 Nc6 45. Rd1 e5 46. Bh3 g4
47. Bg2 e4 48. Nc3 Nf6 49. Nb5 Rd7 50. Rxd7+ Nxd7 51. h3 h5 52. hxg4 hxg4 53.
Bf1 Kf6 54. Be2 Nde5 55. Kg2 Nf3 56. Bf1 Ke5 57. Be2 Nfd4 58. Bf1 Nxb5 59. axb5
Na5 0-1

[Event "Internacional Femenino Linares 2013"]
[Site "Linares ESP"]
[Date "2013.09.08"]
[Round "1.2"]
[White "Milliet, Sophie"]
[Black "Savina, Anastasia"]
[Result "1/2-1/2"]
[WhiteElo "2397"]
[BlackElo "2390"]
[PlyCount "71"]
[EventDate "2013.09.08"]
[EventType "tourn"]
[EventRounds "9"]
[EventCountry "ESP"]
[EventCategory "2"]
[Source "lmi"]
[SourceDate "2013.09.08"]

1. e4 e5 2. Nf3 Nc6 3. Bc4 Nf6 4. d3 Be7 5. O-O O-O 6. Re1 d6 7. a4 Na5 8. Ba2
c5 9. Bg5 Nc6 10. Bxf6 Bxf6 11. Bc4 g6 12. Nc3 Bg7 13. Nd5 Kh8 14. c3 f5 15.
exf5 gxf5 16. Nd2 Be6 17. Qf3 Qd7 18. Ne3 Rad8 19. Bxe6 Qxe6 20. Nd5 Qf7 21.
Nc4 f4 22. Nd2 Rde8 23. a5 Re6 24. a6 b5 25. Qe4 Rg6 26. Kh1 Qd7 27. Nf3 Bf6
28. Rg1 Nd8 29. b4 Ne6 30. Ra5 Bd8 31. Ra2 Qg7 32. Raa1 Rg8 33. Qf5 Rf8 34. Qe4
Rg8 35. Qf5 Rf8 36. Qe4 1/2-1/2

[Event "Internacional Femenino Linares 2013"]
[Site "Linares ESP"]
[Date "2013.09.08"]
[Round "1.3"]
[White "Matnadze, Ana"]
[Black "Brunello, Marina"]
[Result "0-1"]
[WhiteElo "2384"]
[BlackElo "2246"]
[PlyCount "114"]
[EventDate "2013.09.08"]
[EventType "tourn"]
[EventRounds "9"]
[EventCountry "ESP"]
[EventCategory "2"]
[Source "lmi"]
[SourceDate "2013.09.08"]

1. d4 d5 2. g3 Bf5 3. Bg2 Nf6 4. Nf3 e6 5. O-O h6 6. b3 Nbd7 7. Bb2 c6 8. c4
Be7 9. Nc3 O-O 10. Nd2 Qa5 11. a3 Qb6 12. b4 Rad8 13. Qb3 Rfe8 14. Rfd1 Qc7 15.
Rac1 Qb8 16. e4 dxe4 17. Ndxe4 Nxe4 18. Nxe4 Nf6 19. Nc5 Nd7 20. Nd3 Bf6 21. f4
Be7 22. d5 cxd5 23. cxd5 Nb6 24. Be5 Bd6 25. Bxd6 Rxd6 26. Nc5 exd5 27. Bxd5
Nxd5 28. Rxd5 Bh3 29. Rcd1 Rxd5 30. Qxd5 b6 31. Ne4 Qc7 32. Nf2 Bc8 33. Qb5 Re3
34. Qd5 Kh7 35. Qd2 Re8 36. Rc1 Qe7 37. Qc2+ Kg8 38. Qe4 Qd7 39. Qd3 Qb7 40. g4
Qb8 41. Qg3 Bb7 42. g5 hxg5 43. Qxg5 Qd6 44. Rd1 Qd2 45. Rf1 Re6 46. Qg3 Rg6
47. Ng4 f5 48. h3 fxg4 49. f5 Rd6 50. Re1 Bf3 51. hxg4 Qxe1+ 52. Qxe1 Rd1 53.
Qxd1 Bxd1 54. g5 Bc2 55. f6 gxf6 56. gxf6 Kf7 57. Kf2 Kxf6 0-1

[Event "Internacional Femenino Linares 2013"]
[Site "Linares ESP"]
[Date "2013.09.08"]
[Round "1.4"]
[White "Hernandez Estevez, Yudania"]
[Black "Daulyte, Deimante"]
[Result "0-1"]
[WhiteElo "2248"]
[BlackElo "2371"]
[PlyCount "62"]
[EventDate "2013.09.08"]
[EventType "tourn"]
[EventRounds "9"]
[EventCountry "ESP"]
[EventCategory "2"]
[Source "lmi"]
[SourceDate "2013.09.08"]

1. e4 e5 2. Nf3 Nc6 3. Bb5 a6 4. Ba4 Nge7 5. O-O g6 6. c3 Bg7 7. d4 exd4 8.
cxd4 b5 9. Bb3 O-O 10. Nc3 Na5 11. Bg5 h6 12. Bh4 Nxb3 13. Qxb3 Bb7 14. a4 Rb8
15. Rfe1 bxa4 16. Rxa4 g5 17. Bg3 Bxe4 18. Qc4 Bc6 19. Rxa6 Nf5 20. Ne5 Bb7 21.
Ra7 d6 22. Nc6 Bxc6 23. Qxc6 Bxd4 24. Rxc7 Rxb2 25. Ne4 d5 26. Rd7 Qa5 27. Rf1
dxe4 28. Rd5 Nxg3 29. hxg3 Qb6 30. Qd7 Bxf2+ 31. Kh2 Qd8 0-1

[Event "Internacional Femenino Linares 2013"]
[Site "Linares ESP"]
[Date "2013.09.09"]
[Round "2.1"]
[White "Collado Barbas, Laura"]
[Black "Guramishvili, Sopiko"]
[Result "0-1"]
[WhiteElo "2152"]
[BlackElo "2431"]
[PlyCount "60"]
[EventDate "2013.09.08"]
[EventType "tourn"]
[EventRounds "9"]
[EventCountry "ESP"]
[EventCategory "2"]
[Source "lmi"]
[SourceDate "2013.09.08"]

1. d4 d5 2. c4 c6 3. Nf3 e6 4. e3 Bd6 5. b3 f5 6. Bd3 Nf6 7. O-O Qe7 8. Bb2 O-O
9. Qc1 b6 10. Ba3 c5 11. cxd5 Nxd5 12. Nbd2 Bb7 13. dxc5 bxc5 14. Nc4 Nb4 15.
Be2 Bc7 16. Bb2 Nd7 17. a3 Nd5 18. Nfe5 Qg5 19. Bf3 Nxe5 20. Bxe5 Bxe5 21. Nxe5
f4 22. Nd7 fxe3 23. Nxf8 Rxf8 24. h4 Qe5 25. Bxd5 Qxd5 26. f3 Qd4 27. Qc4 e2+
28. Qxd4 exf1=Q+ 29. Kxf1 cxd4 30. Rd1 e5 0-1

[Event "Internacional Femenino Linares 2013"]
[Site "Linares ESP"]
[Date "2013.09.09"]
[Round "2.2"]
[White "Daulyte, Deimante"]
[Black "Aranaz Murillo, Amalia"]
[Result "1-0"]
[WhiteElo "2371"]
[BlackElo "2262"]
[PlyCount "45"]
[EventDate "2013.09.08"]
[EventType "tourn"]
[EventRounds "9"]
[EventCountry "ESP"]
[EventCategory "2"]
[Source "lmi"]
[SourceDate "2013.09.08"]

1. e4 c6 2. d4 d5 3. Nc3 dxe4 4. Nxe4 Bf5 5. Ng3 Bg6 6. Nh3 e6 7. Bc4 Bd6 8.
O-O Nf6 9. f4 O-O 10. f5 exf5 11. Nxf5 Bxf5 12. Rxf5 Qc7 13. Rxf6 gxf6 14. Bh6
Kh8 15. Bxf8 Bxf8 16. Qh5 Bg7 17. Re1 Na6 18. Bd3 h6 19. Qf5 Kg8 20. Re3 Qb6
21. c3 Qxb2 22. Qh7+ Kf8 23. Rg3 1-0

[Event "Internacional Femenino Linares 2013"]
[Site "Linares ESP"]
[Date "2013.09.09"]
[Round "2.3"]
[White "Brunello, Marina"]
[Black "Hernandez Estevez, Yudania"]
[Result "1-0"]
[WhiteElo "2246"]
[BlackElo "2248"]
[PlyCount "81"]
[EventDate "2013.09.08"]
[EventType "tourn"]
[EventRounds "9"]
[EventCountry "ESP"]
[EventCategory "2"]
[Source "lmi"]
[SourceDate "2013.09.08"]

1. e4 e5 2. Nf3 Nf6 3. Nxe5 d6 4. Nf3 Nxe4 5. Nc3 Nxc3 6. dxc3 Be7 7. Be3 Nd7
8. Qd2 O-O 9. O-O-O c6 10. g4 Qa5 11. Kb1 Ne5 12. Nxe5 dxe5 13. Qe2 Be6 14. c4
Rad8 15. Bg2 Bc5 16. Be4 Qb6 17. Bd3 Rd4 18. Bxd4 Bxd4 19. c3 Bxc3 20. Qc2 Bd4
21. Bxh7+ Kh8 22. Rd3 g6 23. Rb3 Qd8 24. Bxg6 b5 25. Rh3+ Kg7 26. Bd3 Qg5 27.
Rf3 Rb8 28. c5 Kf8 29. h3 Ke7 30. Rd1 a5 31. Bf5 Bd5 32. Be4 Be6 33. Bxc6 Rc8
34. Qe4 b4 35. Bd5 Bxd5 36. Qxd5 Qg6+ 37. Rf5 Rxc5 38. Qb7+ Kf8 39. f4 Kg7 40.
Qd7 a4 41. Rxd4 1-0

[Event "Internacional Femenino Linares 2013"]
[Site "Linares ESP"]
[Date "2013.09.09"]
[Round "2.4"]
[White "Savina, Anastasia"]
[Black "Matnadze, Ana"]
[Result "1-0"]
[WhiteElo "2390"]
[BlackElo "2384"]
[PlyCount "119"]
[EventDate "2013.09.08"]
[EventType "tourn"]
[EventRounds "9"]
[EventCountry "ESP"]
[EventCategory "2"]
[Source "lmi"]
[SourceDate "2013.09.08"]

1. d4 c6 2. c4 g6 3. Nc3 Bg7 4. Nf3 d6 5. g3 Nd7 6. Bg2 Ngf6 7. O-O O-O 8. e4
e5 9. h3 Re8 10. Re1 a5 11. Be3 h6 12. Qc2 b6 13. Rad1 Qc7 14. Na4 Ba6 15. c5
exd4 16. cxd6 d3 17. Qxd3 Bxd3 18. dxc7 Bc2 19. Nxb6 Bxd1 20. Rxd1 Nxb6 21.
Bxb6 Nxe4 22. Nd2 f5 23. Nc4 Bf8 24. Bxe4 fxe4 25. Nxa5 c5 26. Nc6 Be7 27. Rd7
Bg5 28. Bxc5 Rxa2 29. Na7 e3 30. fxe3 Rxb2 31. c8=Q Rxc8 32. Nxc8 Rc2 33. Ne7+
Kf7 34. h4 Bxh4 35. gxh4 Rxc5 36. Ra7 g5 37. h5 g4 38. Nd5+ Ke6 39. Nf4+ Kf5
40. Kf2 Rc3 41. Ra5+ Ke4 42. Ra4+ Kf5 43. Ra5+ Ke4 44. Ra6 Kf5 45. Ne2 Rc2 46.
Rxh6 Kg5 47. Rh8 Kh4 48. h6 Kh3 49. h7 Rc7 50. e4 Kh4 51. Ke3 Re7 52. Nd4 Kh3
53. Nf5 Ra7 54. Kf4 Rb7 55. Rg8 Rxh7 56. Rxg4 Ra7 57. Rg3+ Kh2 58. e5 Ra4+ 59.
Kg5 Re4 60. Re3 1-0

[Event "Internacional Femenino Linares 2013"]
[Site "Linares ESP"]
[Date "2013.09.09"]
[Round "2.5"]
[White "Martin Perez, Laura"]
[Black "Milliet, Sophie"]
[Result "0-1"]
[WhiteElo "2034"]
[BlackElo "2397"]
[PlyCount "92"]
[EventDate "2013.09.08"]
[EventType "tourn"]
[EventRounds "9"]
[EventCountry "ESP"]
[EventCategory "2"]
[Source "lmi"]
[SourceDate "2013.09.08"]

1. e4 c5 2. Nf3 e6 3. d4 cxd4 4. Nxd4 Nc6 5. Nb5 d6 6. c4 Nf6 7. N5c3 Be7 8.
Be2 O-O 9. O-O b6 10. Bf4 Bb7 11. Re1 Rc8 12. Bf1 Ne5 13. Nd2 Nfd7 14. Rc1 a6
15. b3 Nc5 16. Nf3 Nxf3+ 17. Qxf3 f5 18. Qg3 Nxe4 19. Nxe4 fxe4 20. Qg4 Rf6 21.
Rcd1 Rg6 22. Qe2 d5 23. g3 Qf8 24. Bg2 Bc5 25. Rf1 Bc6 26. h4 Qf5 27. a4 d4 28.
b4 d3 29. Qd2 Bd4 30. b5 Bb7 31. Rc1 a5 32. Kh2 Qc5 33. Qe1 e5 34. Bg5 Rf8 35.
Kg1 Rxg5 36. hxg5 e3 37. fxe3 Bxe3+ 38. Kh2 Rxf1 39. Qxf1 Bxg2 40. Kxg2 Bxc1
41. Qxc1 Qd4 42. Kf1 d2 43. Qd1 Qxc4+ 44. Kg2 Qd3 45. Qh5 g6 46. Qd1 e4 0-1

[Event "Internacional Femenino Linares 2013"]
[Site "Linares ESP"]
[Date "2013.09.09"]
[Round "3.1"]
[White "Milliet, Sophie"]
[Black "Collado Barbas, Laura"]
[Result "1-0"]
[WhiteElo "2397"]
[BlackElo "2152"]
[PlyCount "105"]
[EventDate "2013.09.08"]
[EventType "tourn"]
[EventRounds "9"]
[EventCountry "ESP"]
[EventCategory "2"]
[Source "lmi"]
[SourceDate "2013.09.08"]

1. e4 e6 2. d4 d5 3. Nc3 Bb4 4. Nge2 dxe4 5. a3 Bxc3+ 6. Nxc3 Nc6 7. d5 exd5 8.
Qxd5 Nf6 9. Qxd8+ Nxd8 10. Bg5 Bf5 11. Bxf6 gxf6 12. Nd5 Ne6 13. Nxf6+ Ke7 14.
Nd5+ Kf8 15. Ne3 Bg6 16. h4 h5 17. O-O-O Kg7 18. Bc4 Rhe8 19. Rd7 Rac8 20. g4
Nf8 21. Rd5 c6 22. Ra5 b5 23. Be2 Rc7 24. gxh5 Bh7 25. a4 Ne6 26. Rd1 f5 27.
axb5 f4 28. h6+ Kh8 29. Nc4 cxb5 30. Rxb5 Rec8 31. Re5 Nc5 32. Kb1 Na4 33. Red5
Rb7 34. Rd8+ Rxd8 35. Rxd8+ Bg8 36. Kc1 Kh7 37. Nd6 Rxb2 38. Rd7+ Kxh6 39. Nf5+
Kg6 40. Ne7+ Kg7 41. Nxg8+ Kxg8 42. Bc4+ Kh8 43. Bb3 Rxb3 44. cxb3 Nc5 45. Rxa7
Nd3+ 46. Kd2 Nxf2 47. b4 Ng4 48. b5 f3 49. b6 e3+ 50. Ke1 Ne5 51. Ra3 f2+ 52.
Ke2 Nc4 53. b7 1-0

[Event "Internacional Femenino Linares 2013"]
[Site "Linares ESP"]
[Date "2013.09.09"]
[Round "3.2"]
[White "Matnadze, Ana"]
[Black "Martin Perez, Laura"]
[Result "1-0"]
[WhiteElo "2384"]
[BlackElo "2034"]
[PlyCount "101"]
[EventDate "2013.09.08"]
[EventType "tourn"]
[EventRounds "9"]
[EventCountry "ESP"]
[EventCategory "2"]
[Source "lmi"]
[SourceDate "2013.09.08"]

1. d4 Nf6 2. g3 c5 3. c3 cxd4 4. cxd4 g6 5. Bg2 Bg7 6. e4 d6 7. Ne2 O-O 8. O-O
Nc6 9. Nbc3 a6 10. h3 Bd7 11. f4 Rc8 12. e5 Ne8 13. Be3 Na5 14. b3 Nc7 15. Qd2
Nb5 16. Nd5 Nc6 17. a4 Nba7 18. Rac1 Re8 19. g4 Na5 20. Rxc8 Nxc8 21. Qc2 Nb6
22. Nc7 Rf8 23. Rc1 Nbc4 24. bxc4 Qxc7 25. c5 Rc8 26. Qa2 dxe5 27. fxe5 e6 28.
Rb1 Rb8 29. Rb6 Bc6 30. Nc3 Bxg2 31. Kxg2 Nc6 32. Qb1 Ne7 33. Bg5 Nc6 34. Be3
Ne7 35. Rd6 Nc6 36. Ne4 Rd8 37. Bg5 Rf8 38. Qb6 Qc8 39. Nf6+ Kh8 40. Nd7 Re8
41. Qb2 Nb8 42. Nxb8 Qxb8 43. Rd7 h6 44. Be7 b5 45. cxb6 Qc8 46. Rc7 Qb8 47.
Bd6 Bf8 48. b7 Bxd6 49. exd6 Rf8 50. d5+ Kg8 51. dxe6 1-0

[Event "Internacional Femenino Linares 2013"]
[Site "Linares ESP"]
[Date "2013.09.09"]
[Round "3.3"]
[White "Hernandez Estevez, Yudania"]
[Black "Savina, Anastasia"]
[Result "0-1"]
[WhiteElo "2248"]
[BlackElo "2390"]
[PlyCount "66"]
[EventDate "2013.09.08"]
[EventType "tourn"]
[EventRounds "9"]
[EventCountry "ESP"]
[EventCategory "2"]
[Source "lmi"]
[SourceDate "2013.09.08"]

1. e4 c5 2. Nf3 Nc6 3. Bb5 d6 4. O-O Bd7 5. Re1 a6 6. Bf1 Bg4 7. c3 Nf6 8. h3
Bxf3 9. Qxf3 g6 10. Qd1 Bg7 11. d3 O-O 12. Nd2 b5 13. a3 Nd7 14. Nf3 b4 15.
axb4 cxb4 16. d4 bxc3 17. bxc3 a5 18. Be3 Qc7 19. Ra3 Nb6 20. Nd2 Rfc8 21. Qb1
d5 22. e5 a4 23. Qb5 Na5 24. Rc1 e6 25. Raa1 Bf8 26. Bg5 a3 27. Qd3 Nbc4 28.
Nxc4 dxc4 29. Qf3 Nb3 30. Rcb1 Nxa1 31. Rb7 Qxb7 32. Qxb7 Nb3 33. d5 Nc5 0-1

[Event "Internacional Femenino Linares 2013"]
[Site "Linares ESP"]
[Date "2013.09.10"]
[Round "4.1"]
[White "Collado Barbas, Laura"]
[Black "Daulyte, Deimante"]
[Result "1/2-1/2"]
[WhiteElo "2152"]
[BlackElo "2371"]
[PlyCount "125"]
[EventDate "2013.09.08"]
[EventType "tourn"]
[EventRounds "9"]
[EventCountry "ESP"]
[EventCategory "2"]
[Source "lmi"]
[SourceDate "2013.09.08"]

1. d4 Nf6 2. c4 e6 3. Nc3 Bb4 4. Qc2 O-O 5. a3 Bxc3+ 6. Qxc3 Qe8 7. Bf4 d6 8.
Nf3 a5 9. e3 b6 10. Bd3 Bb7 11. Qc2 Nbd7 12. e4 e5 13. dxe5 dxe5 14. Bg5 Qe6
15. Bxf6 Qxf6 16. O-O a4 17. Qe2 Nc5 18. Bc2 Ba6 19. Rad1 Qe6 20. Nd2 Qh6 21.
Nf3 f6 22. g3 Qh5 23. Rfe1 Qf7 24. Rd5 c6 25. Rxc5 bxc5 26. Bxa4 Rfc8 27. Rc1
Rc7 28. Qe3 Bc8 29. Bc2 Rb8 30. b3 Bg4 31. Ne1 Qe7 32. Nd3 Ra7 33. f3 Bh5 34.
g4 Bf7 35. a4 Ra5 36. Qd2 Qc7 37. Kg2 Rd8 38. g5 Kh8 39. Rg1 Ra7 40. Qe3 Ra5
41. Kh1 Qd6 42. Qe1 Ra7 43. Qh4 Be8 44. Qf2 Qd4 45. Qg3 Bh5 46. gxf6 gxf6 47.
Qh3 Rg7 48. Rxg7 Kxg7 49. Qxh5 Qa1+ 50. Kg2 Qc3 51. Bb1 Qxb3 52. Qg4+ Kh8 53.
Qe6 Rg8+ 54. Kh3 Rg6 55. Qe8+ Kg7 56. Qe7+ Kh6 57. Kh4 Qb8 58. Nxc5 Qxb1 59.
Qf8+ Rg7 60. Qxf6+ Rg6 61. Qf8+ Rg7 62. Qd6+ Rg6 63. Qf8+ 1/2-1/2

[Event "Internacional Femenino Linares 2013"]
[Site "Linares ESP"]
[Date "2013.09.10"]
[Round "4.2"]
[White "Brunello, Marina"]
[Black "Guramishvili, Sopiko"]
[Result "1/2-1/2"]
[WhiteElo "2246"]
[BlackElo "2431"]
[PlyCount "80"]
[EventDate "2013.09.08"]
[EventType "tourn"]
[EventRounds "9"]
[EventCountry "ESP"]
[EventCategory "2"]
[Source "lmi"]
[SourceDate "2013.09.08"]

1. e4 c5 2. Nf3 d6 3. d4 cxd4 4. Nxd4 Nf6 5. Nc3 a6 6. Be2 e5 7. Nb3 Be7 8. O-O
O-O 9. Kh1 Nc6 10. f4 b5 11. Be3 Bb7 12. a4 b4 13. Nd5 exf4 14. Bb6 Qd7 15. Nc5
Qc8 16. Nxe7+ Nxe7 17. Qxd6 Ng6 18. Nxb7 Qxb7 19. Qxb4 Nxe4 20. Bf3 Rfe8 21.
Rae1 f5 22. a5 Rac8 23. c3 Kh8 24. Qd4 Re7 25. Rd1 Rce8 26. Qd5 Qc8 27. Rd4 Nh4
28. Rdd1 Ng6 29. Kg1 Nf6 30. Qc6 Qb8 31. Qc4 Ng4 32. b4 Ne3 33. Bxe3 fxe3 34.
Be2 Re4 35. Qxa6 Nf4 36. Rde1 Qe5 37. Qc6 Re6 38. Qc8+ Re8 39. Qc6 Re6 40. Qc8+
Re8 1/2-1/2

[Event "Internacional Femenino Linares 2013"]
[Site "Linares ESP"]
[Date "2013.09.10"]
[Round "4.3"]
[White "Savina, Anastasia"]
[Black "Aranaz Murillo, Amalia"]
[Result "1-0"]
[WhiteElo "2390"]
[BlackElo "2262"]
[PlyCount "89"]
[EventDate "2013.09.08"]
[EventType "tourn"]
[EventRounds "9"]
[EventCountry "ESP"]
[EventCategory "2"]
[Source "lmi"]
[SourceDate "2013.09.08"]

1. d4 d5 2. c4 c6 3. Nc3 Nf6 4. Nf3 a6 5. e3 Bf5 6. Bd3 Bxd3 7. Qxd3 e6 8. O-O
Bb4 9. a3 Ba5 10. b4 Bc7 11. e4 dxe4 12. Nxe4 Nxe4 13. Qxe4 O-O 14. Bg5 Qd6 15.
Rfe1 Nd7 16. Rad1 Rac8 17. g3 b5 18. Ne5 f6 19. c5 Qe7 20. Nxc6 Qf7 21. Bc1
Rfe8 22. d5 exd5 23. Ne7+ Kh8 24. Qxd5 Qxd5 25. Nxd5 Ne5 26. Kg2 Bb8 27. f4 Nc6
28. Bb2 Kg8 29. Kf3 Kf7 30. Rxe8 Rxe8 31. Ne3 Ke6 32. Nc2 Rc8 33. Nd4+ Nxd4+
34. Rxd4 Bc7 35. g4 Rh8 36. f5+ Ke7 37. h3 h5 38. Re4+ Kf7 39. Re6 hxg4+ 40.
hxg4 Rh2 41. Rxa6 Rxb2 42. Ra7 Rb3+ 43. Ke4 Kf8 44. Rxc7 Rxa3 45. Rb7 1-0

[Event "Internacional Femenino Linares 2013"]
[Site "Linares ESP"]
[Date "2013.09.10"]
[Round "4.4"]
[White "Martin Perez, Laura"]
[Black "Hernandez Estevez, Yudania"]
[Result "0-1"]
[WhiteElo "2034"]
[BlackElo "2248"]
[PlyCount "82"]
[EventDate "2013.09.08"]
[EventType "tourn"]
[EventRounds "9"]
[EventCountry "ESP"]
[EventCategory "2"]
[Source "lmi"]
[SourceDate "2013.09.08"]

1. e4 e5 2. Nf3 Nc6 3. Bb5 f5 4. d3 fxe4 5. dxe4 Nf6 6. O-O Bc5 7. Qd3 Nd4 8.
Nxd4 Bxd4 9. Nd2 Qe7 10. Nf3 Bb6 11. Nh4 O-O 12. Nf5 Qf7 13. Ng3 c6 14. Ba4 d5
15. Be3 Bc7 16. h3 Kh8 17. Bb3 Be6 18. Bc5 Rfd8 19. Qf3 b6 20. Be3 Qg6 21. exd5
cxd5 22. Qe2 Bd7 23. c3 e4 24. Bd4 Be6 25. Qe3 Rf8 26. Bd1 Rad8 27. Be2 Bd6 28.
a4 Qf7 29. a5 Nd7 30. Bh5 Qe7 31. axb6 Bf4 32. Qe2 axb6 33. Ra7 Qd6 34. Bg4 Rf7
35. Nh5 Be5 36. Bxe6 Qxe6 37. Qg4 Qd6 38. Ng3 Bxd4 39. cxd4 Nf6 40. Nf5 Rxa7
41. Nxd6 Nxg4 0-1

[Event "Internacional Femenino Linares 2013"]
[Site "Linares ESP"]
[Date "2013.09.10"]
[Round "4.5"]
[White "Milliet, Sophie"]
[Black "Matnadze, Ana"]
[Result "1-0"]
[WhiteElo "2397"]
[BlackElo "2384"]
[PlyCount "57"]
[EventDate "2013.09.08"]
[EventType "tourn"]
[EventRounds "9"]
[EventCountry "ESP"]
[EventCategory "2"]
[Source "lmi"]
[SourceDate "2013.09.08"]

1. e4 c6 2. d4 g6 3. Nc3 d5 4. h3 Bg7 5. Nf3 dxe4 6. Nxe4 Nf6 7. Nxf6+ exf6 8.
Bc4 O-O 9. O-O Nd7 10. Re1 Nb6 11. Bf1 Be6 12. b3 a5 13. c4 a4 14. Bf4 Re8 15.
Qd2 h5 16. Rad1 axb3 17. axb3 Bf8 18. Be3 Ra3 19. Qb2 Nc8 20. d5 cxd5 21. cxd5
Bd7 22. Bd4 Rxe1 23. Rxe1 Qa5 24. Bxf6 Qxd5 25. Bc4 Qf5 26. Bc3 Nb6 27. Qd2 Bg7
28. Bxg7 Nxc4 29. Qh6 1-0

[Event "Internacional Femenino Linares 2013"]
[Site "Linares ESP"]
[Date "2013.09.11"]
[Round "5.1"]
[White "Matnadze, Ana"]
[Black "Collado Barbas, Laura"]
[Result "1-0"]
[WhiteElo "2384"]
[BlackElo "2152"]
[PlyCount "83"]
[EventDate "2013.09.08"]
[EventType "tourn"]
[EventRounds "9"]
[EventCountry "ESP"]
[EventCategory "2"]
[Source "lmi"]
[SourceDate "2013.09.08"]

1. d4 e6 2. g3 f5 3. Bg2 Nf6 4. Nf3 d5 5. c4 c6 6. O-O Bd6 7. Bf4 Bxf4 8. gxf4
O-O 9. Qb3 b6 10. Ne5 Ba6 11. Qe3 Qd6 12. Nd2 Nbd7 13. Rac1 Rac8 14. Rfd1 Ng4
15. Qb3 Ngxe5 16. fxe5 Qe7 17. Qa4 Nb8 18. Qa3 Qh4 19. Nf3 Qh6 20. b3 Rce8 21.
Rc3 f4 22. h4 Kh8 23. Bh3 g5 24. Kh2 gxh4 25. Rg1 Rg8 26. Rcc1 dxc4 27. bxc4 c5
28. dxc5 Bb7 29. cxb6 axb6 30. Qd6 Bxf3 31. exf3 Qh5 32. Rxg8+ Rxg8 33. Bg4 Qg5
34. Qxe6 h5 35. Bh3 Rg6 36. Qe8+ Rg8 37. Qb5 Qd8 38. Qd5 Qe7 39. e6 Rg5 40.
Qd4+ Kh7 41. Qxf4 Nc6 42. Qe4+ 1-0

[Event "Internacional Femenino Linares 2013"]
[Site "Linares ESP"]
[Date "2013.09.11"]
[Round "5.2"]
[White "Hernandez Estevez, Yudania"]
[Black "Milliet, Sophie"]
[Result "1-0"]
[WhiteElo "2248"]
[BlackElo "2397"]
[PlyCount "115"]
[EventDate "2013.09.08"]
[EventType "tourn"]
[EventRounds "9"]
[EventCountry "ESP"]
[EventCategory "2"]
[Source "lmi"]
[SourceDate "2013.09.08"]

1. e4 c5 2. Nf3 g6 3. d4 cxd4 4. Qxd4 Nf6 5. e5 Nc6 6. Qa4 Nd5 7. Qe4 Ndb4 8.
Bc4 d5 9. exd6 Bf5 10. Ne5 Nxe5 11. Bb5+ Nec6 12. Qxb4 Qxd6 13. Qxd6 exd6 14.
O-O Bxc2 15. Nc3 Kd7 16. Bc4 Bg7 17. Be3 Bxc3 18. bxc3 f6 19. a4 Bf5 20. Rfd1
Kc7 21. Rd2 Rhe8 22. Rad1 Bg4 23. Rb1 Be6 24. Bb5 a6 25. Be2 Ne5 26. Bb6+ Kc6
27. Ba5 Nc4 28. Bxc4 Bxc4 29. Rb6+ Kc5 30. h3 Bd5 31. Rb1 Re6 32. Rbd1 Bc6 33.
Bb4+ Kb6 34. a5+ Kc7 35. Bxd6+ Kd7 36. Bc5+ Ke8 37. Bb6 Kf7 38. Kh2 Rc8 39. Kg3
Bb5 40. Bd4 Rc4 41. f3 Rec6 42. Bb6 Re6 43. Bd4 g5 44. h4 gxh4+ 45. Kxh4 Ra4
46. Kg3 Rxa5 47. Rh1 Kg6 48. Kf4 Bc6 49. g4 Bb5 50. Rdh2 Kf7 51. Rxh7+ Ke8 52.
Rxb7 Kd8 53. Bb6+ Rxb6 54. Rh8+ Be8 55. Rxb6 Kc7 56. Rxf6 Ra4+ 57. Ke5 Ra5+ 58.
Ke4 1-0

[Event "Internacional Femenino Linares 2013"]
[Site "Linares ESP"]
[Date "2013.09.11"]
[Round "5.3"]
[White "Aranaz Murillo, Amalia"]
[Black "Martin Perez, Laura"]
[Result "1-0"]
[WhiteElo "2262"]
[BlackElo "2034"]
[PlyCount "93"]
[EventDate "2013.09.08"]
[EventType "tourn"]
[EventRounds "9"]
[EventCountry "ESP"]
[EventCategory "2"]
[Source "lmi"]
[SourceDate "2013.09.08"]

1. Nf3 Nf6 2. c4 c5 3. g3 Nc6 4. Bg2 g6 5. Nc3 Bg7 6. O-O O-O 7. d4 cxd4 8.
Nxd4 Ng4 9. e3 Nxd4 10. exd4 d6 11. h3 Nh6 12. b3 Nf5 13. Ne2 Rb8 14. Bf4 e5
15. dxe5 dxe5 16. Qxd8 Rxd8 17. Bg5 f6 18. Bc1 Nd4 19. Nxd4 exd4 20. Bf4 Ra8
21. Rfe1 Bf8 22. Rad1 Bc5 23. Bc7 Rf8 24. Ba5 Bf5 25. b4 Bb6 26. Bxb7 Rae8 27.
Bd5+ Kh8 28. Rxe8 Rxe8 29. Bxb6 axb6 30. g4 Bc8 31. Rxd4 Kg7 32. Kf1 f5 33. a4
fxg4 34. hxg4 h5 35. gxh5 gxh5 36. Bf3 Re5 37. Rd6 Rf5 38. Bg2 Rf4 39. Rxb6
Rxc4 40. Rc6 Rxb4 41. Rxc8 Rxa4 42. Rc6 h4 43. Kg1 Rf4 44. Re6 Rf5 45. Re4 Rh5
46. Kh2 Rf5 47. f3 1-0

[Event "Internacional Femenino Linares 2013"]
[Site "Linares ESP"]
[Date "2013.09.11"]
[Round "5.4"]
[White "Guramishvili, Sopiko"]
[Black "Savina, Anastasia"]
[Result "1/2-1/2"]
[WhiteElo "2431"]
[BlackElo "2390"]
[PlyCount "70"]
[EventDate "2013.09.08"]
[EventType "tourn"]
[EventRounds "9"]
[EventCountry "ESP"]
[EventCategory "2"]
[Source "lmi"]
[SourceDate "2013.09.08"]

1. d4 Nf6 2. c4 g6 3. Nf3 Bg7 4. g3 c5 5. d5 b5 6. cxb5 a6 7. bxa6 O-O 8. Bg2
d6 9. Nc3 Nbd7 10. Rb1 Nb6 11. Nd2 Bxa6 12. O-O Bb7 13. Qb3 Qc7 14. Rd1 Rfb8
15. e4 Nfd7 16. Nf3 Ba6 17. Qc2 Nc4 18. b3 Qa5 19. Na4 Bb5 20. Bf1 Nce5 21.
Nxe5 Nxe5 22. Bxb5 Qxb5 23. Nc3 Qd7 24. Bf4 Nf3+ 25. Kg2 Qg4 26. Rd3 Nh4+ 27.
Kh1 c4 28. bxc4 Rxb1+ 29. Qxb1 Bxc3 30. Rxc3 Rxa2 31. Bh6 Rb2 32. Qe1 Re2 33.
Qb1 Rb2 34. Qe1 Re2 35. Qb1 Rb2 1/2-1/2